APPLIED STATISTICS IN HEALTH SCIENCES (Record no. 15006)

MARC details
000 -LEADER
fixed length control field 00285nam a22001337a 4500
003 - CONTROL NUMBER IDENTIFIER
control field SGT
082 ## - DEWEY DECIMAL CLASSIFICATION NUMBER
Classification number 614
Item number A10R
100 ## - MAIN ENTRY--PERSONAL NAME
Personal name RAO, NSN
245 ## - TITLE STATEMENT
Title APPLIED STATISTICS IN HEALTH SCIENCES
250 ## - EDITION STATEMENT
Edition statement 2ND
260 ## - PUBLICATION, DISTRIBUTION, ETC. (IMPRINT)
Place of publication, distribution, etc INDIA
Name of publisher, distributor, etc JAYPEE
Year of Publication 2010
300 ## - PAGE DESCRIPTION
No. of Pages 248
942 ## - ADDED ENTRY ELEMENTS (KOHA)
Source of classification or shelving scheme Dewey Decimal Classification
Koha item type Books
942 ## - ADDED ENTRY ELEMENTS (KOHA)
-- 21
Holdings
Withdrawn status Lost status Source of classification or shelving scheme Damaged status Not for loan Collection code Home library Current library Shelving location Date acquired Vendor Name SGTU Total Checkouts Full call number Accession No. (Barcode) Date last seen Date last borrowed Bill Date Koha item type
    Dewey Decimal Classification     MEDICAL SGT Medical Library SGT Medical Library Text Book 01/02/2018 ABC SGTU 17 614 A10R FM9891 08/09/2025 08/09/2025 01/02/2018 Books
    Dewey Decimal Classification     MEDICAL SGT Medical Library SGT Medical Library Text Book 01/02/2018 ABC SGTU 9 614 A10R FM9892 02/12/2024 25/11/2024 01/02/2018 Books